000 00350pab a2200145 454500
008 180718b1984 xxu||||| |||| 00| 0 eng d
100 _aRajbhandary, Achyut B.
245 _aMotivation in the public service in Nepal
260 _c1984
300 _a51-5
362 _aJuly
650 _aMotivation - Nepal
773 _aPrashasan
909 _a13780
999 _c13780
_d13780